|
|
|
|
| LEADER |
00819nab a2200193 i 4500 |
| 001 |
tort170 |
| 005 |
20220512075759.0 |
| 008 |
220512s1998 hu o 0|| zxx d |
| 040 |
|
|
|a PEREPO TORTENET
|b hun
|
| 041 |
|
|
|a zxx
|
| 245 |
0 |
2 |
|a A Pénzügyi és Számviteli Főiskola a májusi felvételire...
|h [elektronikus dokumentum]
|
| 260 |
|
|
|a Szuperinfó Magyarország Média Kiadói Kft.
|b Zalaegerszeg, Magyarország
|c 1998-01-15
|
| 490 |
0 |
|
|a Zalaegerszegi Szuperinfo
|v 5
|
| 695 |
|
|
|a Pénzügyi és Számviteli Főiskola Zalaegerszegi Intézete - PSZF ZI
|
| 695 |
|
|
|a felvételi
|
| 695 |
|
|
|a tanfolyam
|
| 695 |
|
|
|a előkészítő
|
| 695 |
|
|
|a hirdetés
|
| 856 |
4 |
0 |
|u https://perepo-tortenet.uni-pannon.hu/id/eprint/170/1/1998-01-15_zalaegerszegi_szuperinfo%20a%20PSZF%20a%20m%C3%A1jusi%20felv%C3%A9telire...pdf
|z Dokumentum-elérés
|